000 00740nam a22002297a 4500
999 _c21210
_d21210
003 AR-CdUCM
008 190327b ||||| |||| 00| 0 spa d
020 _a9786120033036
040 _aMUNICIPALIDAD PROVINCIAL DEL CUSCO
_cBIBLIOTECA MUNICIPAL DEL CUSCO
082 _a869.56 / AN59E
_bAN59E
100 _aAndrade Ochoa, Crisóstomo
_925287
245 _aEl escritor, el lagarto y el murciélago /
260 _aCusco :
_bDanny's Graff,
_c2018.
300 _a122 páginas ;
_bilustraciones,
_c21 cm.
505 _aContenido: Anecdotario
650 _aLiteratura Peruana
_9132
650 _aLiteratura cusqueña
_944302
650 _aLiteratos cusqueños
_944145
650 _aSiglo XXI
_92856
942 _2ddc
_cLIBROS
945 _aRoel